书目信息 |
| 题名: |
中国选举制度改革
|
|
| 作者: | 李凡 主编 | |
| 分册: | ||
| 出版信息: | 上海 上海交通大学出版社 2005 |
|
| 页数: | 393页 | |
| 开本: | 21cm | |
| 丛书名: | ||
| 单 册: | ||
| 中图分类: | D621.4 | |
| 科图分类: | ||
| 主题词: | 选举制度--体制改革--研究--中国 , 选举制度 , 体制改革 | |
| 电子资源: | ||
| ISBN: | 7-313-03872-0 | |
| 000 | 00839nam0 2200253 450 | |
| 001 | 002926621 | |
| 005 | 20061123155652.35 | |
| 010 | @a7-313-03872-0@dCNY26.00 | |
| 100 | @a20050722d2005 em y0chiy0110 ea | |
| 101 | 0 | @achi |
| 102 | @aCN@b310000 | |
| 105 | @ay z 000yy | |
| 200 | 1 | @a中国选举制度改革@9zhong guo xuan ju zhi du gai ge@f李凡主编 |
| 210 | @a上海@c上海交通大学出版社@d2005 | |
| 215 | @a393页@d21cm | |
| 330 | @a本书论述中国选举制度改革的历程、中国选举制度改革主要关注的问题、中国选举法律的修改和完善、地方国家机关领导人员选举制度的改革等。 | |
| 510 | 1 | @aReform of the Electoral System in China@zeng |
| 606 | 0 | @a选举制度@x体制改革@x研究@y中国 |
| 606 | 0 | @a选举制度 |
| 606 | 0 | @a体制改革 |
| 690 | @aD621.4@v4 | |
| 701 | 0 | @a李凡@9li fan@c(政治)@4主编 |
| 801 | 0 | @aCN@bNLC@c20061123 |
| 905 | @a10447@dD621.4@e28 | |
| 中国选举制度改革/李凡主编.-上海:上海交通大学出版社,2005 |
| 393页;21cm |
| ISBN 7-313-03872-0:CNY26.00 |
| 本书论述中国选举制度改革的历程、中国选举制度改革主要关注的问题、中国选举法律的修改和完善、地方国家机关领导人员选举制度的改革等。 |
| ● |
| 相关链接 |
|
|
|
|
正题名:中国选举制度改革
索取号:D621.4/28
 
预约/预借
| 序号 | 登录号 | 条形码 | 馆藏地/架位号 | 状态 | 备注 |
| 1 | 0390940 | 203909404 | 第一样本阅览室/ [索取号:D621.4/28] | 在馆 | |
| 2 | 0390941 | 203909413 | 第一借阅区/ [索取号:D621.4/28] | 在馆 | |
| 3 | 0390942 | 203909422 | 第一借阅区/ [索取号:D621.4/28] | 在馆 | |
| 4 | 0390943 | 203909431 | 第一借阅区/ [索取号:D621.4/28] | 在馆 | |
| 5 | 0390944 | 203909440 | 第一借阅区/ [索取号:D621.4/28] | 在馆 |